|
|
|
|
| LEADER |
01272cam a2200253 a 4500 |
| 001 |
3053978 |
| 003 |
GR-PaULI |
| 005 |
20170711101102.0 |
| 008 |
961113s1997 dcu f b 001 0 eng d |
| 020 |
|
|
|a 1560987065
|
| 020 |
|
|
|a 9781560987062
|
| 040 |
|
|
|a DLC
|c DLC
|d DLC
|d GR-AiPI
|b gre
|e AACR2
|
| 082 |
0 |
0 |
|a 069.07
|2 23
|
| 100 |
1 |
|
|a Roberts, Lisa C.
|9 163122
|e συγγραφέας
|
| 245 |
1 |
0 |
|a From knowledge to narrative :
|b educators and the changing museum /
|c Lisa C. Roberts.
|
| 260 |
|
|
|a Washington, DC :
|b Smithsonian Institution Press,
|c c1997.
|
| 300 |
|
|
|a ix, 205 σ. ;
|c 23 εκ.
|
| 504 |
|
|
|a Περιλαμβάνει βιβλιογραφικές παραπομπές (σ. 185-197) και ευρετήριο.
|
| 650 |
|
4 |
|a Μουσεία
|x Εκπαιδευτικές απόψεις
|z Ηνωμένες Πολιτείες Αμερικής
|x Περιπτωσιολογικές μελέτες
|9 163125
|
| 650 |
|
4 |
|a Μουσειακά εκθέματα
|z Ηνωμένες Πολιτείες Αμερικής
|9 163126
|
| 942 |
|
|
|2 ddc
|c BK15
|
| 952 |
|
|
|0 0
|1 0
|2 ddc
|4 0
|6 069_070000000000000_ROB
|7 0
|9 213769
|a LISA
|b LISA
|c BSC
|d 2017-07-10
|i 13144
|l 0
|o 069.07 ROB
|p 026000278689
|r 2017-07-10 00:00:00
|t 1
|w 2017-07-10
|y BK15
|
| 998 |
|
|
|c ΜΙΧΟΣΤΑΥΡΟΥ
|d 2017-07
|
| 999 |
|
|
|c 129969
|d 129969
|